01945cam a2200529 a 4500001001400000005001700014008004100031020002700072035004100099035002700140035002800167040003200195041001300227044001100240072006500251072002900316080002100345080002600366080001800392080002300410080002300433080002400456100003000480240003700510245011500547246002600662246003200688260003000720300001800750500007000768600011400838648003000952648003400982650002601016650003501042650003501077650003001112651002001142651002201162655003101184655003301215655003401248655003001282655003201312655003401344700003701378vtls01170082320221006121229.0201207s2017 xo g 000 fbslo  a9788055623917q(viaz.) a310D54F5-4761-4AA9-BC21-3E0AA1F7BA8B aurn:nbn:sk:snk-am3ibe2 aurn:nbn:sk:snk-am00e0uu aPPPKbslocPPPKdSNKeAACR21 asloheng axocSK 7a821.111-3xAnglická próza, anglicky písaná2konspekt 7a929xBiografie2konspekt a821.111-3122011 a929.731-058.83322011 a(410.1)22011 a(0:82-311.6)22011 a(0:82-312.6)22011 a929.731-055.2220111 aGregory, Philippa,d1954-14aThe Constant PrincesslSlovensky10aKatarína Aragónskabvečná princeznácPhilippa Gregory ; z angličtiny preložil Otakar Kořínek30aVečná princezná1 iSéria:aŽeny Tudorovcov aBratislavabSlovartc2017 a414 s.c24 cm aNa obálke: Láska, osud a voľba, ktorá vstúpi do dejín07aKatarína Aragónska,ckráľovná, manželka Henricha VIII., anglického kráľa,d1485-15362SNKMA 7a15.-16. storočie2SNKPH 7a15th-16th centuries2SNKPHeng07apanovníčky2SNKPH07amanželky panovníkov2SNKPH07aQueens and empresses2SNKPHeng07aRulers' spouses2SNKPHeng 7aAnglicko2SNKPH 7aEngland2SNKPHeng 7aanglické romány2SNKPH 7ahistorické romány2SNKPH 7abiografické romány2SNKPH 7aEnglish fiction2SNKPHeng 7aHistorical novels2SNKPHeng 7aBiographical novels2SNKPHeng1 aKořínek, Otakar,d1946-4trl